| 000 | 01406nam a2200313 a 4500 | ||
|---|---|---|---|
| 001 | BRCA_5944 | ||
| 005 | 20190320205254.0 | ||
| 008 | 240311s1787----sp-#######---#000-0dspa-# | ||
| 041 | _aspa | ||
| 044 | _asp | ||
| 050 | 4 |
_aKKT7309.35 _b.D53 P76 _c1787 |
|
| 100 | 1 |
_aDíaz de los Llanos, Froilán _d1709 _915013 |
|
| 245 | 1 | 0 |
_aProceso criminal fulminado contra el Rmo. P.M. Fray Froylan Díaz de la Sagrada Religión de Predicadores, confesor del Rey N.S.D. Carlos II, que tuvo principio en el año 1698 y se concluyó en el de 1704 _bcon relación histórica del estado de esta Monarquía y su gobierno. |
| 260 |
_aMadrid _bDon Blas Román _c1787 |
||
| 300 |
_a230 p. _c15 cm. |
||
| 500 | _aCon relacion historica del estado de esta monarquía y su gobierno | ||
| 500 | _aEstado físico: en el lómo tiene un corte; cosido a mano. | ||
| 500 | _aFondo antiguo | ||
| 500 | _aSe encuentra en Caja Fuerte | ||
| 500 | _aH158 | ||
| 500 | _aNota de encuadernación: en piel pergamino | ||
| 500 | _aCon Ex-libris de: Franz Mayer | ||
| 506 | 0 | _aFondo reservado: para su consulta es necesario credencial de usuario y carta de motivos | |
| 650 | 1 | 4 |
_aJurisdicción (Derecho eclesiástico) _zMadrid, España _915014 |
| 650 | 1 | 4 |
_aInquisición _xHistoria _ys.XVIII _zEspaña _915015 |
| 740 | 0 | _aCríticos documentos, que sirven como de segunda parte al Proceso criminal | |
| 902 | _aLAR | ||
| 942 |
_2lcc _cB |
||
| 999 |
_c5633 _d5633 |
||